• 首页
  • 本馆介绍
  • 公告通知
  • 最新文献
  • 馆藏检索
  • 电子资源
  • 读者导购
  • 参考咨询
  • 我的图书馆
  • 登录
  • 详细信息显示
  • 放入我的书架
  • 预约/预借图书
  • 作者相关作品
  • 分类相关作品
  • 丛书相关作品
  • 出版社相关作品

书目信息

  • 表格格式
  • 工作单格式
  • 卡片格式
题名:
生鲜食品贮藏保鲜包装技术
    
 
作者: 章建浩 主编
分册:  
出版信息: 北京   化学工业出版社  2009
页数: 230页
开本: 24cm
丛书名:
单 册:
中图分类: TS205 , TS206
科图分类:
主题词: 食品贮藏 , 食品保鲜 , 食品包装
电子资源:
ISBN: 978-7-122-06237-6
000 00876nam0 2200265 45
001 1033057718
005 20100407095813.40
010    @a978-7-122-06237-6@dCNY45.00
100    @a20100401d2009 em y0chiy50 ea
101 0  @achi
102    @aCN@b110000
105    @ay z 000yy
106    @ar
200 1  @a生鲜食品贮藏保鲜包装技术@ASheng Xian Shi Pin Zhu Cang Bao Xian Bao Zhuang Ji Shu@f章建浩主编@FZhang Jian Hao Zhu Bian
210    @a北京@c化学工业出版社@d2009
215    @a230页@d24cm
330    @a本书介绍了食品贮藏保鲜包装技术原理,气调保鲜包装和真空冷却保鲜技术及设备,果蔬、食用菌、畜禽肉和鲜切果蔬的贮藏保鲜包装技术。
606 0  @a食品贮藏
606 0  @a食品保鲜
606 0  @a食品包装
690    @aTS205@v4
690    @aTS206@v4
701  0 @a章建浩@AZhang Jian Hao@f(1961~)@4主编
801  0 @aCN@bTANGWEI@c20100407
905    @b0587929-33@dTS205@e113@f5
    
    生鲜食品贮藏保鲜包装技术/章建浩主编.-北京:化学工业出版社,2009
    230页;24cm
    
    
    ISBN 978-7-122-06237-6:CNY45.00
    本书介绍了食品贮藏保鲜包装技术原理,气调保鲜包装和真空冷却保鲜技术及设备,果蔬、食用菌、畜禽肉和鲜切果蔬的贮藏保鲜包装技术。
●
相关链接 在E读中查询图书 在五车中查询图书 在当当中查询图书 在豆瓣中查询图书


正题名:生鲜食品贮藏保鲜包装技术     索取号:TS205/113         预约/预借

序号 登录号 条形码 馆藏地/架位号 状态 备注
1 0587929   205879290   第二样本阅览室/ [索取号:TS205/113] 在馆    
2 0587930   205879307   第三借阅区/ [索取号:TS205/113] 在馆    
3 0587931   205879316   第三借阅区/ [索取号:TS205/113] 在馆    
4 0587932   205879325   第三借阅区/ [索取号:TS205/113] 在馆    
5 0587933   205879334   第三借阅区/ [索取号:TS205/113] 在馆    
唐山师范学院图书馆 欢迎您!
大连网信软件有限公司© 版权所有